00586nam a2200169 a 450000100100000000500170001000800410002704000250006808200180009310000190011124501370013025000110026726000520027830000210033050000300035170000350038100002414320200930022744.0110119s1948 xxu r 001 0 spa d aDO-SdBNPbspacBNPHU axxxxxxbM959a1 aMullins, E. Y.10aAxiomas de religión :buna nueva interpretación de la fe bautista /cE. Y. Mullins ; traducción Félix Buldain y J. E. Davis. a2a ed. aTexas :bCasa Bautista de Publicaciones,c1948. a282 p. ;c20 cm. aIncluye índice general.1 aBuldain y J. E. Davis, Félix